| 000 | 01166cab a22002055a 4500 | ||
|---|---|---|---|
| 001 | L153190 | ||
| 008 | 110621e2011 xxk 000 0 eng d | ||
| 035 | _a(Sirsi) u153190 | ||
| 041 | 0 | _aeng | |
| 110 | 2 |
_aEuroProperty _91216 |
|
| 245 | 0 | 0 | _aING retains global top spot |
| 260 | _c2011 | ||
| 490 | 0 |
_aEuroProperty _v10 June 2011, 10-17(8) |
|
| 520 | _aING Real Estate Investment Management remains the world's biggest property fund manager according to the 2011 "EuroProperty/INREV survey of European property fund managers" which collates the views of 104 fund managers controlling just over Euros 1trn. ING is to merge with CB Richard Ellis Investors (CBREI ) and will then control Euros 88.6bn assets boosting CBREI's presence in Europe and ING's in the US. AXA Real Estate with Euros 39.7bn of managed assets still retains the top position in Europe. Presents full survey details and tables of the top 10 European managers 2011 and 2010. | ||
| 590 | _aKA | ||
| 650 | 2 | 4 | _aEUROPROPERTY/INREV SURVEY OF EUROPEAN PROPERTY FUND MANAGERS |
| 651 | 4 | _aEurope | |
| 690 | _aPROPERTY-COMMERCIAL PROPERTY-COMMERCIAL PROPERTY FINANCE AND INVESTMENT | ||
| 942 | _n0 | ||
| 999 |
_c83222 _d83222 |
||